Vista normal
Vista MARC
Entrada Materia (reunión)
Número de registros utilizados en: 1
001 - CONTROL NUMBER
- control field: 39881
003 - CONTROL NUMBER IDENTIFIER
- control field: Co-BoUCM
005 - DATE AND TIME OF LATEST TRANSACTION
- control field: 20130702104547.0
008 - FIXED-LENGTH DATA ELEMENTS
- fixed length control field: 130702|| aca||aabn | a|a d
040 ## - CATALOGING SOURCE
- Original cataloging agency: Co-BoUCM
- Transcribing agency: Co-BoUCM
111 ## - HEADING--MEETING NAME
- Meeting name or jurisdiction name as entry element: Encuentro de investigación en la Universidad del Rosario
- Number of part/section/meeting: (3o
- Date of meeting: 2008 oct. 6-8
- Location of meeting: Bogotá)
670 ## - SOURCE DATA FOUND
- Source citation: Work cat.: (Co-BoUCM)60711: Encuentro de investigación en la Universidad del Rosario (3o 2008 oct. 6-8 Bogotá), III Encuentro de investigación en la Universidad del Rosario, 2009